| 000 | 01069nam a2200397 a 4500 | ||
|---|---|---|---|
| 003 | AR-BaBNM | ||
| 005 | 20251128204547.0 | ||
| 008 | 082120s2002 ||||||||||||||000 | spa|| | ||
| 020 | _a987-9043-00-6 | ||
| 040 | _cAR-BaBNM | ||
| 100 | 1 | _aScandolo de O'Shea, Noemí B. | |
| 245 | 0 | 0 |
_aTécnicas 2 _bel taller plástico-artesanal |
| 260 |
_aBuenos Aires _bAjotabé _c1994 |
||
| 300 |
_a242 p. _bil., tablas |
||
| 500 | _aDiseño gráfico de Horacio Yapor | ||
| 650 | 4 | _aARTE | |
| 650 | 4 | _aEDUCACION ARTISTICA | |
| 650 | 4 | _aHISTORIA DE LA EDUCACION | |
| 650 | 4 | _aTALLERES [METODO PEDAGOGICO] | |
| 650 | 4 | _aCREATIVIDAD | |
| 650 | 4 | _aEDAD MEDIA | |
| 650 | 4 | _aRENACIMIENTO | |
| 650 | 4 | _aPEDAGOGIA | |
| 650 | 4 | _aREALISMO | |
| 650 | 4 | _aROMANTICISMO | |
| 650 | 4 | _aTECNOLOGIA | |
| 650 | 4 | _aEDUCACION PERMANENTE | |
| 651 | 4 | _aArgentina | |
| 653 | _aEDUCACION GENERAL BASICA | ||
| 653 | _aNATURALISMO | ||
| 653 | _aIMPRESIONISMO | ||
| 700 | 1 | _aRobirosa, María Alejandra | |
| 700 | 1 | _aO'Shea, María Elizabeth | |
| 942 | _cBK | ||
| 998 | _cCarmen | ||
| 999 |
_c7926 _d7926 |
||